[Event "GER-chT U20 Girls"]
[Site "Magdeburg"]
[Date "2023.12.28"]
[Round "3.4"]
[White "Werner, Rosalie"]
[Black "Alferova, Emily"]
[Result "1-0"]
[WhiteElo "1771"]
[BlackElo "1589"]
[PlyCount "81"]
[EventDate "2023.12.26"]
[EventType "team-swiss"]
[EventRounds "7"]
[EventCountry "GER"]
[SourceTitle "CB03_2024"]
[SourceDate "2024.01.17"]
[SourceVersion "1"]
[SourceVersionDate "2024.01.17"]
[SourceQuality "1"]
[WhiteTeam "Offenbach"]
[BlackTeam "Garching"]
[WhiteTeamCountry "GER"]
[BlackTeamCountry "GER"]

1. e4 e5 2. Nf3 Nc6 3. Bc4 Bc5 4. c3 Nf6 5. d3 d6 6. 0-0 h6 7. Re1 0-0 8. h3 a6 9. a4 Be6 10. Bxe6 fxe6 11. Nbd2 Qe8 12. Nf1 Qg6 13. Be3 Bxe3 14. Rxe3 Nh5 15. Kh2 Rf7 16. b4 Raf8 17. Ra2 Nf4 18. g3 Qh5 19. gxf4 Rxf4 20. Ng3 Qf7 21. Kg2 d5 22. d4 exd4 23. cxd4 dxe4 24. Nxe4 Qf5 25. Ng3 Qd5 26. Qb3 Qd8 27. Qxe6+ Kh8 28. Rd2 Nxb4 29. Ne5 R4f6 30. Ng6+ Rxg6 31. Qxg6 Nd5 32. Nh5 Nxe3+ 33. fxe3 Qd5+ 34. e4 Qd7 35. Qg4 Qf7 36. Ng3 Qb3 37. Nf5 Qf7 38. Kh2 h5 39. Qg5 g6 40. Qh6+ Qh7 41. Qxf8+ 1-0

[Event "GER-ch U18 Girls"]
[Site "Willingen"]
[Date "2023.05.30"]
[Round "4"]
[White "Werner, Rosalie"]
[Black "Kieckbusch, Lotta"]
[Result "1/2-1/2"]
[WhiteElo "1751"]
[BlackElo "1308"]
[PlyCount "56"]
[EventDate "2023.05.27"]
[EventType "swiss"]
[EventRounds "9"]
[EventCountry "GER"]
[SourceTitle "CBM 214 Extra"]
[Source "ChessBase"]
[SourceDate "2023.07.31"]
[SourceVersion "1"]
[SourceVersionDate "2023.07.31"]
[SourceQuality "1"]

1. e4 d5 2. exd5 Qxd5 3. Nc3 Qd6 4. d4 g6 5. Be3 Bg7 6. Nf3 Nf6 7. Qd2 Bf5 8. 0-0-0 Na6 9. a3 0-0 10. h3 Ne4 11. Nxe4 Bxe4 12. Be2 Qb6 13. Bh6 Rfd8 14. Bxg7 Kxg7 15. Qc3 Kg8 16. Rhg1 Rac8 17. Ng5 Bd5 18. b4 Qf6 19. Qe3 c5 20. bxc5 Nxc5 21. dxc5 Qa1+ 22. Kd2 Bf3+ 23. Bd3 Bxd1 24. Rxd1 Qxa3 25. Qxe7 Qb4+ 26. Kc1 Qa3+ 27. Kd2 Qa5+ 28. Kc1 Qa1+ 1/2-1/2

[Event "GER-ch U18 Girls"]
[Site "Willingen"]
[Date "2023.05.29"]
[Round "3"]
[White "Glowiak, Alexandra"]
[Black "Werner, Rosalie"]
[Result "1-0"]
[WhiteElo "1660"]
[BlackElo "1751"]
[PlyCount "65"]
[EventDate "2023.05.27"]
[EventType "swiss"]
[EventRounds "9"]
[EventCountry "GER"]
[SourceTitle "CBM 214 Extra"]
[Source "ChessBase"]
[SourceDate "2023.07.31"]
[SourceVersion "1"]
[SourceVersionDate "2023.07.31"]
[SourceQuality "1"]

1. e4 c5 2. Nf3 d6 3. d4 cxd4 4. Nxd4 Nf6 5. Nc3 a6 6. Bg5 e6 7. Be2 Qc7 8. Qd2 b5 9. a3 Be7 10. f3 Nbd7 11. a4 b4 12. Na2 a5 13. Bb5 Bb7 14. c3 d5 15. exd5 Bxd5 16. 0-0 0-0 17. Bxf6 Nxf6 18. Nc1 bxc3 19. bxc3 Rac8 20. Nce2 Bc5 21. Kh1 Rfd8 22. Qb2 Bxd4 23. cxd4 Qc2 24. Qxc2 Rxc2 25. Rfc1 Rcc8 26. Kg1 Bb7 27. Rxc8 Bxc8 28. Rc1 Nd5 29. Rc5 Nb4 30. Kf1 Kf8 31. Rc7 Na6 32. Ra7 Nc7 33. Rxc7 1-0

[Event "BCF-chT2 2223 (4NCL)"]
[Site "England"]
[Date "2023.02.12"]
[Round "6.48"]
[White "Werner, Rosalie"]
[Black "Pyun, Lindsay"]
[Result "1/2-1/2"]
[WhiteElo "1769"]
[BlackElo "1827"]
[PlyCount "61"]
[EventDate "2022.10.22"]
[EventType "team-tourn"]
[EventRounds "11"]
[EventCountry "ENG"]
[SourceTitle "EXT 2024"]
[Source "ChessBase"]
[SourceDate "2023.10.10"]
[SourceVersion "1"]
[SourceVersionDate "2023.10.10"]
[SourceQuality "1"]
[WhiteTeam "Alba"]
[BlackTeam "The Rookies"]
[WhiteTeamCountry "ENG"]
[BlackTeamCountry "ENG"]

1. e4 e5 2. Nf3 Nc6 3. Bc4 Bc5 4. c3 Nf6 5. d3 a5 6. a4 d6 7. 0-0 0-0 8. Re1 Bg4 9. h3 Bh5 10. Nbd2 Ba7 11. Nf1 h6 12. g4 Bg6 13. Ng3 Re8 14. Kg2 d5 15. Bb3 dxe4 16. dxe4 Qxd1 17. Bxd1 Rad8 18. Bc2 Nd7 19. Nh4 Bh7 20. Nhf5 Bxf5 21. Nxf5 Nc5 22. Be3 Rd7 23. Bxc5 Bxc5 24. Rad1 Red8 25. Rxd7 Rxd7 26. Rd1 Rxd1 27. Bxd1 Ne7 28. Nh4 Bd6 29. Kg3 g6 30. Bb3 Kg7 31. Bc2 1/2-1/2

[Event "GER-chT U16 Girls"]
[Site "Neumuenster"]
[Date "2022.12.27"]
[Round "2"]
[White "Czaeczine, Paula"]
[Black "Werner, Rosalie"]
[Result "1-0"]
[WhiteElo "1334"]
[BlackElo "1769"]
[PlyCount "83"]
[EventDate "2022.12.26"]
[EventType "team-swiss"]
[EventRounds "7"]
[EventCountry "GER"]
[SourceTitle "CBM 212 Extra"]
[Source "ChessBase"]
[SourceDate "2023.03.31"]
[SourceVersion "1"]
[SourceVersionDate "2023.03.31"]
[SourceQuality "1"]
[WhiteTeam "Chemnitz Aufbau"]
[BlackTeam "Offenbach"]
[WhiteTeamCountry "GER"]
[BlackTeamCountry "GER"]

1. e4 c5 2. Nf3 d6 3. d4 cxd4 4. Nxd4 Nf6 5. Nc3 a6 6. f3 e5 7. Nb3 Be7 8. Be3 Be6 9. Qd2 h5 10. Be2 Nbd7 11. h3 Rc8 12. 0-0-0 h4 13. f4 Nb6 14. fxe5 dxe5 15. Qxd8+ Bxd8 16. Rxd8+ Rxd8 17. Bxb6 Rc8 18. Nc5 Nd7 19. Nxe6 fxe6 20. Be3 Nc5 21. Bg4 Ke7 22. Bg5+ Kf7 23. Rf1+ Ke8 24. Kd2 Rc6 25. b4 Nd7 26. b5 Rd6+ 27. Ke3 Nb6 28. Be2 Nd7 29. bxa6 bxa6 30. Na4 Rd4 31. c4 Rh7 32. a3 Rh8 33. Rb1 Kf7 34. Kf3 Kg6 35. Be7 Kf7 36. Bb4 Rh6 37. Bc3 Rf6+ 38. Ke3 Rd6 39. Rb7 Ke8 40. Bb4 Rc6 41. c5 Rg6 42. Bh5 1-0

[Event "Heusenstamm Sparkassen op-A 7th"]
[Site "Heusenstamm"]
[Date "2021.11.19"]
[Round "3.68"]
[White "Werner, Rosalie"]
[Black "Eurich, Jannik"]
[Result "0-1"]
[WhiteElo "1746"]
[BlackElo "1907"]
[PlyCount "54"]
[EventDate "2021.11.18"]
[EventType "swiss"]
[EventRounds "7"]
[EventCountry "GER"]
[SourceTitle "EXT 2023"]
[Source "ChessBase"]
[SourceDate "2022.10.05"]
[SourceVersion "1"]
[SourceVersionDate "2022.10.05"]
[SourceQuality "1"]

1. e4 c5 2. Nf3 d6 3. d4 cxd4 4. Nxd4 Nf6 5. Nc3 a6 6. Be2 g6 7. 0-0 Bg7 8. Be3 Qc7 9. a4 b6 10. f4 Bb7 11. Bf3 Nbd7 12. Nb3 0-0 13. Qe1 Nc5 14. Nd2 Rfd8 15. g4 d5 16. e5 d4 17. exf6 dxe3 18. Nde4 exf6 19. f5 Nxe4 20. Nxe4 Re8 21. Nc3 Bxf3 22. Rxf3 Qc5 23. Qe2 Rad8 24. Rd1 Rd2 25. Rxd2 exd2+ 26. Qf2 Qxc3 27. bxc3 d1Q+ 0-1

[Event "GER-ch U16 Girls"]
[Site "Willingen"]
[Date "2021.08.28"]
[Round "8"]
[White "Werner, Rosalie"]
[Black "Margaryan, Susanna"]
[Result "1/2-1/2"]
[WhiteElo "1741"]
[BlackElo "1494"]
[PlyCount "57"]
[EventDate "2021.08.22"]
[EventType "swiss"]
[EventRounds "9"]
[EventCountry "GER"]
[SourceTitle "EXT 2022"]
[Source "ChessBase"]
[SourceDate "2021.10.06"]
[SourceVersion "1"]
[SourceVersionDate "2021.10.06"]
[SourceQuality "1"]

1. e4 c6 2. d4 d5 3. Nd2 dxe4 4. Nxe4 Nf6 5. Nxf6+ gxf6 6. Nf3 Bg4 7. c3 e6 8. Qe2 Bd6 9. g3 Nd7 10. Bg2 Qc7 11. h3 Bh5 12. g4 Bg6 13. Nh4 0-0-0 14. Be3 Kb8 15. b4 h5 16. Nxg6 fxg6 17. 0-0-0 Nb6 18. Kc2 Nd5 19. Kb3 a5 20. Bxd5 exd5 21. a4 axb4 22. cxb4 Rde8 23. Qd2 Re4 24. f3 Re6 25. Rde1 Rhe8 26. Bf2 Rxe1 27. Rxe1 Rxe1 28. Qxe1 Qe7 29. Qxe7 1/2-1/2

[Event "GER-chT U14 Girls"]
[Site "Willingen"]
[Date "2021.06.26"]
[Round "6.3"]
[White "Werner, Rosalie"]
[Black "Zhou, Lepu Coco"]
[Result "1-0"]
[WhiteElo "1751"]
[BlackElo "1905"]
[PlyCount "65"]
[EventDate "2021.06.23"]
[EventType "team-swiss"]
[EventRounds "7"]
[EventCountry "GER"]
[SourceTitle "EXT 2022"]
[Source "ChessBase"]
[SourceDate "2021.10.06"]
[SourceVersion "1"]
[SourceVersionDate "2021.10.06"]
[SourceQuality "1"]
[WhiteTeam "Offenbach"]
[BlackTeam "Weisse Dame"]
[WhiteTeamCountry "GER"]
[BlackTeamCountry "GER"]

1. e4 e5 2. Nf3 Nc6 3. Bc4 Nf6 4. Ng5 d5 5. exd5 b5 6. Bf1 Nd4 7. c3 Nxd5 8. cxd4 Qxg5 9. Bxb5+ Bd7 10. Bxd7+ Kxd7 11. 0-0 Nf4 12. g3 Nh3+ 13. Kg2 Nf4+ 14. Kh1 Nd3 15. Qf3 e4 16. Qxe4 h5 17. Qxd3 h4 18. Qf3 hxg3 19. fxg3 Bd6 20. Kg1 Rxh2 21. Kxh2 Rh8+ 22. Kg1 Qh6 23. Qg2 f5 24. d3 g5 25. Rxf5 Bxg3 26. Bxg5 Bh2+ 27. Kf2 Qg6 28. Qe4 Bd6 29. Bf4 Re8 30. Qd5 Re6 31. Bxd6 cxd6 32. Qb7+ Ke8 33. Qf7+ 1-0

[Event "GER-chT Christmas U20 Girls"]
[Site "Playchess.com INT"]
[Date "2020.12.29"]
[Round "4.1"]
[White "Cizek, Veronika"]
[Black "Werner, Rosalie"]
[Result "0-1"]
[WhiteElo "998"]
[BlackElo "1751"]
[PlyCount "88"]
[EventDate "2020.12.29"]
[EventType "team-swiss (blitz)"]
[EventRounds "7"]
[EventCountry "GER"]
[SourceTitle "CBM 200 Extra"]
[Source "ChessBase"]
[SourceDate "2021.03.31"]
[SourceVersion "1"]
[SourceVersionDate "2021.03.31"]
[SourceQuality "1"]
[WhiteTeam "Garching II"]
[BlackTeam "Offenbach"]
[WhiteTeamCountry "GER"]
[BlackTeamCountry "GER"]

1. e4 e6 2. d4 d5 3. exd5 exd5 4. Nf3 Bd6 5. Nc3 Ne7 6. Bg5 f6 7. Be3 Nbc6 8. Bb5 Bg4 9. h3 Bh5 10. Qd2 a6 11. Bd3 Qd7 12. 0-0-0 0-0-0 13. g4 Bg6 14. Bxg6 hxg6 15. Kb1 g5 16. h4 Qxg4 17. Qe2 Qf5 18. hxg5 Rxh1 19. Rxh1 Re8 20. gxf6 gxf6 21. a3 Ng6 22. Re1 Qh5 23. Rg1 Nf4 24. Qd1 Qh7 25. Qd2 Qf5 26. Ne2 Qe4 27. Nh4 Nxe2 28. Qxe2 Qxh4 29. Rg4 Qh1+ 30. Ka2 Qh5 31. f3 f5 32. Rg5 Qf7 33. f4 Bxf4 34. Bxf4 Rxe2 35. Kb1 Nxd4 36. Rg1 b6 37. Rc1 Rg2 38. Be5 Nc6 39. Bd4 Nxd4 40. c4 dxc4 41. Rd1 Nb3 42. Rd3 Qf6 43. Rd4 Qxd4 44. Ka2 Qxb2# 0-1

[Event "GER-chT Christmas U20 Girls"]
[Site "Playchess.com INT"]
[Date "2020.12.29"]
[Round "1.1"]
[White "Werner, Rosalie"]
[Black "Ciolacu, Alessia Mihaela"]
[Result "0-1"]
[WhiteElo "1751"]
[BlackElo "2052"]
[PlyCount "92"]
[EventDate "2020.12.29"]
[EventType "team-swiss (blitz)"]
[EventRounds "7"]
[EventCountry "GER"]
[SourceTitle "CBM 200 Extra"]
[Source "ChessBase"]
[SourceDate "2021.03.31"]
[SourceVersion "1"]
[SourceVersionDate "2021.03.31"]
[SourceQuality "1"]
[WhiteTeam "Offenbach"]
[BlackTeam "Hemer"]
[WhiteTeamCountry "GER"]
[BlackTeamCountry "GER"]

1. e4 e5 2. Nf3 Nc6 3. Bc4 Nf6 4. d3 h6 5. c3 d6 6. h3 g6 7. Nbd2 Bg7 8. Nf1 0-0 9. Bb3 d5 10. Qe2 a6 11. Ng3 Kh8 12. 0-0 Be6 13. Bc2 Re8 14. Rd1 Qe7 15. a4 Rad8 16. b3 d4 17. Ba3 Qd7 18. c4 a5 19. Qe1 Nh7 20. Nh4 Ng5 21. Qf1 Kh7 22. Kh2 f5 23. Re1 f4 24. Ne2 Bf6 25. Nf3 Kg7 26. Neg1 Nf7 27. Bd1 g5 28. Nd2 g4 29. f3 Bh4 30. Re2 Bg3+ 31. Kh1 gxh3 32. gxh3 Ng5 33. Rh2 Bh4 34. Qg2 Kh7 35. Be2 Rg8 36. Qf1 Rg7 37. Ra2 Rdg8 38. Ra1 Bg3 39. Bd1 Bxh2 40. Kxh2 Nxh3 41. Nxh3 Rg3 42. Be2 Rxh3+ 43. Qxh3 Bxh3 44. Rg1 Rxg1 45. Kxg1 Qg7+ 46. Kf2 Qg3# 0-1

[Event "GER-chT Christmas U16 Steinitz"]
[Site "Playchess.com INT"]
[Date "2020.12.28"]
[Round "3.1"]
[White "Werner, Rosalie"]
[Black "Burns, Mikala Tristan"]
[Result "1-0"]
[WhiteElo "1751"]
[BlackElo "1574"]
[PlyCount "79"]
[EventDate "2020.12.28"]
[EventType "team-swiss (blitz)"]
[EventRounds "7"]
[EventCountry "GER"]
[SourceTitle "CBM 200 Extra"]
[Source "ChessBase"]
[SourceDate "2021.03.31"]
[SourceVersion "1"]
[SourceVersionDate "2021.03.31"]
[SourceQuality "1"]
[WhiteTeam "Offenbach"]
[BlackTeam "Dresden Gruen Weiss"]
[WhiteTeamCountry "GER"]
[BlackTeamCountry "GER"]

1. e4 e6 2. d4 d5 3. Nd2 Nf6 4. e5 Nfd7 5. Bd3 c5 6. c3 Nc6 7. Ne2 cxd4 8. cxd4 f6 9. exf6 Nxf6 10. Nf3 Bd6 11. 0-0 Qc7 12. Bg5 0-0 13. Bh4 Nh5 14. Bg3 Nxg3 15. Nxg3 h6 16. Rc1 Qf7 17. Qc2 Nb4 18. Bh7+ Kh8 19. Qb1 Bd7 20. a3 Nc6 21. b4 a6 22. Bg6 Qe7 23. Qd3 e5 24. dxe5 Nxe5 25. Nxe5 Qxe5 26. f4 Qf6 27. Nh5 Qe6 28. Rce1 Qg8 29. f5 Bb5 30. Qd4 Bxf1 31. Rxf1 Rf6 32. Nxf6 gxf6 33. Qxf6+ Qg7 34. Qxd6 Qd4+ 35. Kh1 Qg7 36. Qxd5 Rf8 37. Qd3 Rg8 38. h3 h5 39. Rd1 h4 40. Qd7 1-0

[Event "GER-chT Christmas U16 Steinitz"]
[Site "Playchess.com INT"]
[Date "2020.12.28"]
[Round "1.1"]
[White "Werner, Rosalie"]
[Black "Gavrylyuk, Oleksandr"]
[Result "1-0"]
[WhiteElo "1751"]
[BlackElo "1030"]
[PlyCount "103"]
[EventDate "2020.12.28"]
[EventType "team-swiss (blitz)"]
[EventRounds "7"]
[EventCountry "GER"]
[SourceTitle "CBM 200 Extra"]
[Source "ChessBase"]
[SourceDate "2021.03.31"]
[SourceVersion "1"]
[SourceVersionDate "2021.03.31"]
[SourceQuality "1"]
[WhiteTeam "Offenbach"]
[BlackTeam "Rostock Makkabi III"]
[WhiteTeamCountry "GER"]
[BlackTeamCountry "GER"]

1. e4 c5 2. Nf3 Nc6 3. d4 cxd4 4. Nxd4 g6 5. c4 Bg7 6. Be3 Nf6 7. Nc3 0-0 8. Be2 Qa5 9. f3 d6 10. Qd2 Bd7 11. 0-0 Nxd4 12. Bxd4 Bc6 13. Rfd1 Rac8 14. Rac1 a6 15. b3 b5 16. Qb2 bxc4 17. Bxc4 Rb8 18. Nd5 Bxd5 19. Bxd5 Rfc8 20. Bc4 Bh6 21. Rc2 Bg7 22. e5 dxe5 23. Bxe5 Qc5+ 24. Bd4 Qh5 25. Rdc1 Bh6 26. Bxf7+ Kxf7 27. Rxc8 Bxc1 28. Qxc1 Rxc8 29. Qxc8 Qa5 30. Qc4+ Kg7 31. Bxf6+ exf6 32. Qe2 Qc5+ 33. Qf2 Qc1+ 34. Qf1 Qe3+ 35. Qf2 Qc1+ 36. Qf1 Qa3 37. Qb1 Qc5+ 38. Kh1 Qa3 39. h3 h5 40. Kh2 Qd6+ 41. Kh1 g5 42. a4 Qb4 43. Qd1 Qe7 44. Kg1 Qc5+ 45. Kh1 Qe7 46. Qd2 Qb7 47. Qc3 Qf7 48. Qc4 Qb7 49. Qe6 Kg6 50. Qg8+ Kf5 51. Qc4 Qb6 52. Qe4# 1-0